000
00322 a2200157 4500
001
185227
020
_a
85-10-02570-3
040
_c
Magnum
100
_a
RennĂ³, Regina
240
1
0
_a
Meu amigo raio
_l
por
245
1
0
_a
Meu amigo raio
300
_a
24
362
0
_a
2005
697
_a
LITERATURA INFANTIL
942
_c
BK
999
_c
185227
_d
185227